NFL Retired Numbers Quiz - Statistics

General Stats
  • This quiz has been taken 83 times
  • The average score is 52 of 160
Answer Stats
Team Retired #42 Answer % Correct
New England Patriots 12 Tom Brady
87%
99 Jerome Brown
82%
32 Jim Brown
82%
80 Jerry Rice
79%
Denver Broncos 7 John Elway
79%
34 Walter Payton
79%
10 Eli Manning
76%
Indianapolis Colts 18 Peyton Manning
76%
22 Buddy Young
74%
San Francisco 49ers 8 Steve Young
74%
Barry Sanders
71%
16 Joe Montana
71%
4 Brett Favre
68%
78 Bruce Smith
68%
15 Bart Starr
66%
Buffalo Bills 12 Jim Kelly
66%
13 Dan Marino
63%
92 Reggie White
63%
Pittsburgh Steelers 32 Franco Harris
58%
New York Jets 12 Joe Namath
58%
58 Derrick Thomas
55%
18 Emmitt Thomas
55%
Minnesota Vikings 10 Fran Tarkenton
55%
21 LaDainian Tomlinson
55%
34 Thurman Thomas
55%
Cincinnati Bengals 54 Bob Johnson
53%
51 Dick Butkus
53%
37 Jimmy Johnson
53%
56 Lawrence Taylor
53%
21 Sean Taylor
53%
33 Stone Johnson
53%
Tennessee Titans 1 Warren Moon
53%
Billy Sims
50%
28 Darrell Green
50%
Philadelphia Eagles 5 Donovan McNabb
50%
29 Eric Dickerson
50%
75 Joe Greene
50%
19 Johnny Unitas
50%
16 Len Dawson
50%
Cleveland Browns 14 Otto Graham
50%
11 Phil Simms
50%
28 Marshall Faulk
47%
75 Deacon Jones
45%
89 Mike Ditka
45%
9 Steve McNair
45%
Los Angeles Chargers 14 Dan Fouts
42%
40 Gale Sayers
42%
55 Junior Seau
42%
42 Ronnie Lott
42%
71 Walter Jones
42%
22 Bobby Layne
39%
80 Cris Carter
39%
Detroit Lions 7 Dutch Clark
39%
87 Dwight Clark
39%
34 Earl Campbell
39%
88 Alan Page
37%
Arizona Cardinals 8 Larry Wilson
37%
80 Steve Largent
37%
99 Warren Sapp
37%
39 Larry Csonka
34%
40 Pat Tillman
34%
42 Sid Luckman
34%
Y. A. Tittle
34%
Tampa Bay Buccaneers 55 Derrick Brooks
32%
45 Ernie Davis
32%
44 Floyd Little
32%
80 Isaac Bruce
32%
34 Joe Perry
32%
82 Raymond Berry
32%
81 Art Monk
29%
61 Bill George
29%
78 Bobby Bell
29%
27 Eddie George
29%
12 John Brodie
29%
19 Lance Alworth
29%
74 Merlin Olsen
29%
Washington Commanders 9 Sonny Jurgensen
29%
Miami Dolphins 12 Bob Greise
26%
86 Buck Buchanan
26%
28 Curtis Martin
26%
14 Don Hutson
26%
13 Don Maynard
26%
Kansas City Chiefs 3 Jan Stenerud
26%
70 Jim Marshall
26%
73 John Hannah
26%
80 Kellen Winslow
26%
63 Lee Roy Selmon
26%
36 Mack Lee Hill
26%
92 Michael Strahan
26%
33 Sammy Baugh
26%
Jacksonville Jaguars 71 Tony Boselli
26%
74 Bruce Matthews
24%
89 Gino Marchetti
24%
24 Lenny Moore
24%
77 Red Grange
24%
41 Brian Piccolo
21%
Chicago Bears 3 Bronko Nagurski
21%
18 Charlie Joiner
21%
96 Cortez Kennedy
21%
16 Frank Gifford
21%
78 Jackie Slater
21%
76 Lou Groza
21%
Carolina Panthers 51 Sam Mills
21%
15 Steve Van Buren
21%
20 Brian Dawkins
18%
60 Chuck Bednarik
18%
37 Doak Walker
18%
7 George Halas
18%
85 Jack Youngblood
18%
73 Joe Klecko
18%
63 Mike Munchak
18%
63 Willie Lanier
18%
28 Abner Haynes
16%
89 Bob Dee
16%
42 Charlie Conerly
16%
79 Jim Lee Hunt
16%
Seattle Seahawks 45 Kenny Easley
16%
53 Mick Tingelhoff
16%
70 Art Donovan
13%
Los Angeles Rams 7 Bob Waterfield
13%
70 Ernie Stautner
13%
18 Frank Tripucka
13%
77 Jim Parker
13%
56 Joe Schmidt
13%
77 Korey Stringer
13%
40 Mike Haynes
13%
44 Pete Retzlaff
13%
16 Ray Nitschke
13%
57 Steve Nelson
13%
49 Bobby Mitchell
11%
79 Bob St. Clair
11%
78 Bruce Armstrong
11%
85 Chuck Hughes
11%
90 Dennis Byrd
11%
65 Elvin Bethea
11%
43 Jim Norton
11%
99 Marshall Goldberg
11%
7 Mel Hein
11%
Green Bay Packers 3 Tony Canadeo
11%
32 Al Blozis
8%
70 Al Wistert
8%
56 Bill Hewitt
8%
66 Bulldog Turner
8%
70 Charlie Krueger
8%
46 Don Fleming
8%
5 George McAfee
8%
20 Gino Cappelletti
8%
39 Hugh McElhenny
8%
40 Joe Morrison
8%
88 J. V. Cain
8%
50 Ken Strong
8%
20 Lem Barney
8%
73 Leo Nomellini
8%
New York Giants 1 Ray Flaherty
8%
77 Stan Mauldin
8%
40 Tom Brookshier
8%
4 Tuffy Leemans
8%
14 Ward Cuff
8%
28 Willie Galimore
8%
No matching quizzes found
Score Distribution
Percent of People with Each Score
Percentile by Number Answered
Your Score History
You have not taken this quiz